000 00327 a2200145 4500
001 172036
020 _a
040 _cMagnum
100 _aCorrea, Glauco Rodrigues
240 1 0 _aO assassinato do casal de velhos
_lpor
245 1 0 _aO assassinato do casal de velhos
362 0 _a1899
697 _aJ/ROMANCE
942 _cBK
999 _c172036
_d172036